000 01131nam a2200301 a 4500
003 CO-PeBPR
005 20260501065255.0
008 260415e2024 ck a|||| n||| 00| 0 spa c
020 _a9786289622225
040 0 _aCO-PeBPR
_bspa
_cCO-PeBPR
_erda
082 0 4 _a(i) Co863 G166j
100 1 _aGallego, Daniela
_eautora
_eilustradora
245 1 0 _aJacobo y su amigo pingüino
_c/ Daniela Gallego, Katharina Berger
250 _aEdición especial
264 1 _aBogotá, Colombia
_b: MO Ediciones
_c, 2024
300 _a42 páginas
_b: ilustraciones a color
_c23 centímetros
336 _atexto
_btxt
_crdacontenido
337 _asin mediación
_bn
_2rdamedio
338 _avolumen
_bnc
_2rdasoporte
490 _aPlan Nacional de Lectura, Escritura y Oralidad / Ministerio de las Culturas, las Artes y los Saberes.
521 _aRecomendado para 7 a 12 años.
650 1 4 _2LEMB
_aCuentos infantiles colombianos
650 1 4 _2LEMB
_aSoledad en la literatura
650 1 4 _2LEMB
_aAmistad en la literatura
650 1 4 _2LEMB
_aLiteratura infantil colombiana
700 1 _aBerger, Katharina
_eautora
_eilustradora
942 _2ddc
_cBKINF
999 _c17830
_d17830